| 000 | 00952nam a2200277 a 4500 | ||
|---|---|---|---|
| 008 | |||
| 020 | _a0750650826 (pbk.) | ||
| 049 | _aMAIN | ||
| 090 | _aTJ163.5.B84 | ||
| 100 | 1 |
_aClarke, J. A. _q(Joe A.) |
|
| 245 | 1 | 0 |
_aEnergy simulation in building design / _cJ.A. Clarke. |
| 250 | _a2nd ed. | ||
| 260 |
_aOxford : _bButterworth-Heinemann, _c2001. |
||
| 300 |
_ax, 362 p. : _bill. ; _c25 cm. |
||
| 500 | _aThis ed. originally published: London: Arnold, 2000. | ||
| 504 | _aIncludes bibliographical references. | ||
| 500 | _aIncludes index. | ||
| 650 | 0 |
_aBuildings _xEnergy conservation _xMathematical models. |
|
| 650 | 0 |
_aArchitecture and energy conservation _xMathematical models. |
|
| 650 | 0 |
_aArchitecture and energy conservation _xComputer simulation. |
|
| 907 |
_a.b1012097x _b15-05-04 _c06-05-04 |
||
| 003 | |||
| 005 | 20230123133711.0 | ||
| 040 | _cNUST | ||
| 942 |
_cBOOKS _kTJ163.5.B84 |
||
| 999 |
_c153119 _d153119 |
||